[Event "Mittelfranken-chT2b 1617"]
[Site "Mittelfranken"]
[Date "2017.05.14"]
[Round "9.6"]
[White "Suess, Helmut"]
[Black "Stolpynskyy, Mark"]
[Result "1/2-1/2"]
[WhiteElo "1796"]
[BlackElo "1956"]
[PlyCount "173"]
[EventDate "2016.10.23"]
[EventType "team-tourn"]
[EventRounds "9"]
[EventCountry "GER"]
[SourceTitle "EXT 2022"]
[Source "ChessBase"]
[SourceDate "2021.10.06"]
[SourceVersion "1"]
[SourceVersionDate "2021.10.06"]
[SourceQuality "1"]
[WhiteTeam "Nuernberg Noris Tarrasch IV"]
[BlackTeam "Nuernberg Sued SW III"]
[WhiteTeamCountry "GER"]
[BlackTeamCountry "GER"]

1. d4 Nf6 2. Bf4 c5 3. e3 Qb6 4. Nc3 cxd4 5. exd4 d6 6. Bb5+ Bd7 7. Bxd7+ Nbxd7 8. Nge2 g6 9. 0-0 Bg7 10. Rb1 0-0 11. Qd3 a6 12. b4 Rac8 13. a4 Qc7 14. Rb3 Nb6 15. Rc1 Qc4 16. Qxc4 Rxc4 17. Bd2 Rfc8 18. a5 Nbd5 19. Nxd5 Nxd5 20. c3 Nc7 21. Kf1 Nb5 22. Be3 e6 23. f4 Kf8 24. Kf2 Ke7 25. Kf3 f6 26. g3 Rf8 27. Ke4 f5+ 28. Kd3 Rfc8 29. Re1 Kf7 30. Rf1 R4c6 31. Rc1 d5 32. Bd2 Bf6 33. h4 Nd6 34. Rh1 h6 35. Rh2 Rh8 36. Rb1 Rcc8 37. Rbh1 Ne4 38. Be1 h5 39. Nc1 Rc4 40. Na2 Rhc8 41. Rb2 Nd6 42. Rhh2 Ke7 43. Rhc2 Kd7 44. Re2 Nb5 45. Rb3 Re8 46. Bf2 Kc6 47. Rb1 Nd6 48. Nc1 Ne4 49. Be1 Bd8 50. Ra2 Nd6 51. Nb3 Kc7 52. Re2 Ne4 53. Rc1 Kb8 54. Ra1 Be7 55. Rc1 Rec8 56. Rcc2 Ka7 57. Nc1 Bd8 58. Na2 R4c6 59. Rb2 b6 60. axb6+ Rxb6 61. Nc1 Rbc6 62. Rec2 Rb8 63. Nb3 Bb6 64. Ra2 Nd6 65. Rc1 Kb7 66. Rca1 Ra8 67. Re2 Ne4 68. Rea2 Rac8 69. Rc2 Rc4 70. Raa2 R8c7 71. Ra1 Rc8 72. Raa2 Nd6 73. Re2 Ne4 74. Rec2 R4c7 75. Ra1 Nd6 76. Re2 Ne4 77. Rc2 Rc6 78. Raa2 Nd6 79. Re2 Nb5 80. Rec2 R8c7 81. Ra1 Rc4 82. Raa2 Ka7 83. Bd2 Kb7 84. Be1 Nd6 85. Re2 Ne4 86. Rec2 R7c6 87. Ra1 1/2-1/2

[Event "Mittelfranken-chT2b 1617"]
[Site "Mittelfranken"]
[Date "2017.03.26"]
[Round "8.5"]
[White "Suess, Helmut"]
[Black "Schilay, Lorenz"]
[Result "1-0"]
[WhiteElo "1796"]
[BlackElo "1861"]
[PlyCount "99"]
[EventDate "2016.10.23"]
[EventType "team-tourn"]
[EventRounds "9"]
[EventCountry "GER"]
[SourceTitle "EXT 2022"]
[Source "ChessBase"]
[SourceDate "2021.10.06"]
[SourceVersion "1"]
[SourceVersionDate "2021.10.06"]
[SourceQuality "1"]
[WhiteTeam "Nuernberg Noris Tarrasch IV"]
[BlackTeam "Neumarkt"]
[WhiteTeamCountry "GER"]
[BlackTeamCountry "GER"]

1. d4 Nf6 2. Bf4 g6 3. e3 Bg7 4. Be2 0-0 5. Nf3 c5 6. c3 Nc6 7. 0-0 d5 8. Nbd2 h6 9. h3 Bf5 10. dxc5 Nd7 11. Nb3 e5 12. Bh2 Be6 13. Rc1 Qe7 14. c4 dxc4 15. Bxc4 Bxc4 16. Rxc4 Qe6 17. Qe2 Rfd8 18. Rd1 Bf8 19. Bg3 Rac8 20. Qc2 Ncb8 21. Nc1 Na6 22. a3 Ndxc5 23. Rxd8 Rxd8 24. Bxe5 Bd6 25. Bxd6 Qxd6 26. Rd4 Qf6 27. Rxd8+ Qxd8 28. Nd4 Qd7 29. b4 Ne6 30. Nxe6 Qxe6 31. b5 Nb8 32. Qc7 Nd7 33. Qxb7 Qd6 34. Qxa7 Qd1+ 35. Kh2 Qd6+ 36. g3 Qd2 37. Kg2 Qd5+ 38. Kh2 Qd2 39. e4 Qxc1 40. Qxd7 Qxa3 41. Kg2 Qb4 42. Qc6 f5 43. Qxg6+ Kh8 44. Qxh6+ Kg8 45. Qg6+ Kh8 46. Qxf5 Kg7 47. h4 Kh6 48. h5 Kg7 49. g4 Qd2 50. g5 1-0

[Event "Mittelfranken-chT2b 1617"]
[Site "Mittelfranken"]
[Date "2017.02.12"]
[Round "6.6"]
[White "Radeck, Jochen"]
[Black "Suess, Helmut"]
[Result "1-0"]
[WhiteElo "1833"]
[BlackElo "1796"]
[PlyCount "101"]
[EventDate "2016.10.23"]
[EventType "team-tourn"]
[EventRounds "9"]
[EventCountry "GER"]
[SourceTitle "EXT 2022"]
[Source "ChessBase"]
[SourceDate "2021.10.06"]
[SourceVersion "1"]
[SourceVersionDate "2021.10.06"]
[SourceQuality "1"]
[WhiteTeam "Forchheim SC III"]
[BlackTeam "Nuernberg Noris Tarrasch IV"]
[WhiteTeamCountry "GER"]
[BlackTeamCountry "GER"]

1. Nf3 Nf6 2. c4 e6 3. g3 b6 4. Bg2 Bb7 5. 0-0 c5 6. b3 d6 7. Bb2 Be7 8. Nc3 0-0 9. e3 Nbd7 10. Qe2 Ne4 11. Nxe4 Bxe4 12. d3 Bb7 13. Rad1 Bf6 14. d4 Qe7 15. e4 cxd4 16. Nxd4 Nc5 17. Rd2 Rfd8 18. Rfd1 Bxd4 19. Rxd4 e5 20. R4d2 Bc8 21. f3 Be6 22. Qf1 f6 23. Bh3 Rd7 24. Bxe6+ Qxe6 25. Kg2 Rc8 26. Rd5 a5 27. R1d2 Rc6 28. Qd1 Nb7 29. Ba3 Rd8 30. h4 Rd7 31. g4 h6 32. Bb2 Rc5 33. Kf2 Rxd5 34. Rxd5 Rc7 35. Rb5 Rc6 36. Qd5 Nd8 37. Bc1 g5 38. h5 Kf7 39. Be3 Ke7 40. Qxe6+ Nxe6 41. Rxb6 Kd7 42. Rb7+ Rc7 43. Rb8 a4 44. Rh8 axb3 45. axb3 Rb7 46. Rh7+ Kc6 47. Rxb7 Kxb7 48. Ke2 Kc6 49. Kd3 Nd8 50. b4 Ne6 51. Kc3 1-0

[Event "Mittelfranken-chT2b 1617"]
[Site "Mittelfranken"]
[Date "2017.01.22"]
[Round "5.6"]
[White "Linkies, Michael"]
[Black "Suess, Helmut"]
[Result "1/2-1/2"]
[WhiteElo "1641"]
[BlackElo "1796"]
[PlyCount "39"]
[EventDate "2016.10.23"]
[EventType "team-tourn"]
[EventRounds "9"]
[EventCountry "GER"]
[SourceTitle "EXT 2022"]
[Source "ChessBase"]
[SourceDate "2021.10.06"]
[SourceVersion "1"]
[SourceVersionDate "2021.10.06"]
[SourceQuality "1"]
[WhiteTeam "Lauf SV II"]
[BlackTeam "Nuernberg Noris Tarrasch IV"]
[WhiteTeamCountry "GER"]
[BlackTeamCountry "GER"]

1. c4 Nf6 2. Nc3 c5 3. g3 Nc6 4. Bg2 g6 5. e3 Bg7 6. Nge2 0-0 7. 0-0 d6 8. a3 Rb8 9. d3 Bd7 10. Rb1 a5 11. b3 Bf5 12. Bb2 e5 13. e4 Bg4 14. h3 Bxe2 15. Nxe2 Nd4 16. Nxd4 exd4 17. a4 Qc7 18. Bc1 Nd7 19. Ba3 Ra8 20. Qc2 1/2-1/2

[Event "Mittelfranken Mitte-ch"]
[Site "Nuremberg"]
[Date "2017.01.07"]
[Round "4"]
[White "Walch, Roger"]
[Black "Suess, Helmut"]
[Result "0-1"]
[WhiteElo "1701"]
[BlackElo "1921"]
[PlyCount "60"]
[EventDate "2017.01.05"]
[EventType "swiss"]
[EventRounds "7"]
[EventCountry "GER"]
[SourceTitle "EXT 2018"]
[Source "ChessBase"]
[SourceDate "2017.10.13"]
[SourceVersion "1"]
[SourceVersionDate "2017.10.13"]
[SourceQuality "1"]

1. e4 c6 2. d4 d5 3. e5 Bf5 4. Nf3 e6 5. Be2 h6 6. 0-0 c5 7. c4 Nc6 8. Qa4 Qa5 9. Qxa5 Nxa5 10. cxd5 exd5 11. Nc3 0-0-0 12. Be3 Nc6 13. Rfd1 c4 14. a3 Na5 15. Nd2 g5 16. g4 Be6 17. Rac1 Kb8 18. f4 gxf4 19. Bxf4 Ne7 20. Bf3 Ng6 21. Bg3 Be7 22. Rb1 Bg5 23. Nb5 Nh4 24. Kf2 Rd7 25. b3 Bxd2 26. Rxd2 Nxf3 27. Kxf3 Nxb3 28. Rdd1 h5 29. h3 hxg4+ 30. hxg4 Rc8 0-1

[Event "Mittelfranken-chT2b 1617"]
[Site "Mittelfranken"]
[Date "2016.11.27"]
[Round "3.6"]
[White "Korth, Manfred"]
[Black "Suess, Helmut"]
[Result "1/2-1/2"]
[WhiteElo "1821"]
[BlackElo "1796"]
[PlyCount "66"]
[EventDate "2016.10.23"]
[EventType "team-tourn"]
[EventRounds "9"]
[EventCountry "GER"]
[SourceTitle "EXT 2022"]
[Source "ChessBase"]
[SourceDate "2021.10.06"]
[SourceVersion "1"]
[SourceVersionDate "2021.10.06"]
[SourceQuality "1"]
[WhiteTeam "Heideck/Hilpoltstein"]
[BlackTeam "Nuernberg Noris Tarrasch IV"]
[WhiteTeamCountry "GER"]
[BlackTeamCountry "GER"]

1. Nf3 Nf6 2. d4 e6 3. Bf4 c5 4. c3 d5 5. e3 Nc6 6. Nbd2 Be7 7. h3 0-0 8. Bd3 cxd4 9. exd4 Bd6 10. Bxd6 Qxd6 11. Qe2 g6 12. Ne5 Nh5 13. Qe3 Nxe5 14. dxe5 Qe7 15. g4 Ng7 16. 0-0-0 f6 17. f4 f5 18. Be2 Bd7 19. h4 fxg4 20. Bxg4 Nf5 21. Qh3 h5 22. Be2 d4 23. Ne4 dxc3 24. Nf6+ Rxf6 25. exf6 Qb4 26. bxc3 Qxf4+ 27. Rd2 Ng3 28. Qh2 Rc8 29. c4 Nxe2+ 30. Qxe2 Rxc4+ 31. Kb1 Rb4+ 32. Kc1 Rc4+ 33. Kb1 Rb4+ 1/2-1/2

[Event "Pyramiden Franken Cup"]
[Site "Fuerth"]
[Date "2016.09.04"]
[Round "7"]
[White "Suess, Helmut"]
[Black "Braun, Michael1111"]
[Result "1/2-1/2"]
[WhiteElo "1910"]
[BlackElo "2051"]
[PlyCount "48"]
[EventDate "2016.09.01"]
[EventType "swiss"]
[EventRounds "7"]
[EventCountry "GER"]
[SourceTitle "CBM 174 Extra"]
[Source "ChessBase"]
[SourceDate "2016.10.10"]
[SourceVersion "1"]
[SourceVersionDate "2016.10.10"]
[SourceQuality "1"]

1. d4 d5 2. c4 c6 3. cxd5 cxd5 4. Nf3 Nc6 5. Nc3 Nf6 6. Bf4 a6 7. e3 e6 8. Bd3 Be7 9. 0-0 Nh5 10. Be5 Nxe5 11. Nxe5 Nf6 12. Rc1 0-0 13. Na4 Nd7 14. Qc2 f5 15. Nxd7 Bxd7 16. f4 Rc8 17. Qb3 Bxa4 18. Qxa4 Bd6 19. Rc2 Rxc2 20. Qxc2 Rf7 21. Rc1 Rc7 22. Qd1 Qc8 23. Rxc7 Qxc7 24. Qc2 Qxc2 1/2-1/2

[Event "Pyramiden Franken Cup"]
[Site "Fuerth"]
[Date "2016.09.03"]
[Round "5"]
[White "Friedel, Roland"]
[Black "Suess, Helmut"]
[Result "0-1"]
[WhiteElo "1651"]
[BlackElo "1910"]
[PlyCount "74"]
[EventDate "2016.09.01"]
[EventType "swiss"]
[EventRounds "7"]
[EventCountry "GER"]
[SourceTitle "CBM 174 Extra"]
[Source "ChessBase"]
[SourceDate "2016.10.10"]
[SourceVersion "1"]
[SourceVersionDate "2016.10.10"]
[SourceQuality "1"]

1. d4 Nf6 2. Nf3 e6 3. Bg5 b6 4. Nbd2 Bb7 5. e3 h6 6. Bh4 d6 7. Bd3 Nbd7 8. 0-0 Be7 9. e4 g5 10. Bg3 Nh5 11. Qe2 Nxg3 12. hxg3 a6 13. e5 d5 14. c3 c5 15. Nh2 c4 16. Bc2 h5 17. f4 gxf4 18. Rxf4 Bg5 19. Rf3 Qe7 20. Raf1 f5 21. exf6 Nxf6 22. Qe5 Bxd2 23. Rxf6 0-0-0 24. Rf7 Qd6 25. Qxd6 Rxd6 26. Rf8+ Rxf8 27. Rxf8+ Rd8 28. Rxd8+ Kxd8 29. Bg6 Bc1 30. b3 cxb3 31. axb3 Bb2 32. Kf2 Bxc3 33. Ke3 e5 34. Bxh5 Bxd4+ 35. Kd3 Bf2 36. g4 Bh4 37. Nf3 e4+ 0-1

[Event "Pyramiden Franken Cup"]
[Site "Fuerth"]
[Date "2016.09.01"]
[Round "1"]
[White "Bunk, Karsten"]
[Black "Suess, Helmut"]
[Result "1-0"]
[WhiteElo "2093"]
[BlackElo "1910"]
[PlyCount "71"]
[EventDate "2016.09.01"]
[EventType "swiss"]
[EventRounds "7"]
[EventCountry "GER"]
[SourceTitle "CBM 174 Extra"]
[Source "ChessBase"]
[SourceDate "2016.10.10"]
[SourceVersion "1"]
[SourceVersionDate "2016.10.10"]
[SourceQuality "1"]

1. c4 e5 2. g3 Nf6 3. Bg2 d5 4. cxd5 Nxd5 5. Nc3 Nb6 6. Nf3 Nc6 7. 0-0 Be7 8. a3 Be6 9. b4 f6 10. d3 0-0 11. Bb2 a6 12. Rc1 Nd4 13. Nd2 c6 14. Nce4 Rb8 15. e3 Nb5 16. Qc2 Rf7 17. Rfd1 Rc8 18. Nc4 Bf8 19. a4 Nd6 20. Nxb6 Qxb6 21. Nc5 Bg4 22. f3 Bf5 23. e4 Bd7 24. d4 Re8 25. Qb3 Qc7 26. Bf1 b5 27. Nxa6 Qb6 28. Nc5 bxa4 29. Nxa4 Qa7 30. Nc5 Qc7 31. Nxd7 Qxd7 32. dxe5 fxe5 33. Kg2 Qb7 34. Ra1 g5 35. Ra5 Nxe4 36. Bc4 1-0

[Event "Mittelfranken-ch QT"]
[Site "Nuremberg"]
[Date "2016.03.25"]
[Round "6"]
[White "Burger, Thomas"]
[Black "Suess, Helmut"]
[Result "1/2-1/2"]
[WhiteElo "1814"]
[BlackElo "1944"]
[PlyCount "57"]
[EventDate "2016.03.23"]
[EventType "swiss"]
[EventRounds "7"]
[EventCountry "GER"]
[SourceTitle "EXT 2018"]
[Source "ChessBase"]
[SourceDate "2017.10.13"]
[SourceVersion "1"]
[SourceVersionDate "2017.10.13"]
[SourceQuality "1"]

1. d4 Nf6 2. c4 e6 3. Nc3 Bb4 4. Qc2 b6 5. a3 Bxc3+ 6. Qxc3 Bb7 7. Nf3 d6 8. Bg5 Nbd7 9. e3 h6 10. Bxf6 Qxf6 11. Be2 0-0 12. 0-0 a5 13. b4 Ra7 14. b5 Raa8 15. Qd3 Rad8 16. Rfd1 Rfe8 17. Nd2 e5 18. d5 Nc5 19. Ne4 Nxd3 20. Nxf6+ gxf6 21. Bxd3 e4 22. Be2 Bc8 23. h3 Re5 24. Kh2 Kh7 25. g3 Rg8 26. Rg1 h5 27. h4 Bg4 28. Bxg4 Rxg4 29. Kh3 1/2-1/2

[Event "Mittelfranken-ch QT"]
[Site "Nuremberg"]
[Date "2016.03.24"]
[Round "3"]
[White "Grasser, Stefan"]
[Black "Suess, Helmut"]
[Result "0-1"]
[WhiteElo "1767"]
[BlackElo "1944"]
[PlyCount "66"]
[EventDate "2016.03.23"]
[EventType "swiss"]
[EventRounds "7"]
[EventCountry "GER"]
[SourceTitle "EXT 2018"]
[Source "ChessBase"]
[SourceDate "2017.10.13"]
[SourceVersion "1"]
[SourceVersionDate "2017.10.13"]
[SourceQuality "1"]

1. c4 Nf6 2. Nc3 c5 3. e4 Nc6 4. d3 d6 5. g3 g6 6. Bg2 Bg7 7. Nge2 0-0 8. 0-0 a6 9. Rb1 Rb8 10. Be3 b5 11. b3 bxc4 12. bxc4 Bd7 13. h3 Rxb1 14. Qxb1 Qa5 15. Nd5 Nxd5 16. cxd5 Nb4 17. Nc1 Qa3 18. Qb3 Qxb3 19. axb3 Rb8 20. f4 Nc2 21. Bf2 Nd4 22. Re1 Nxb3 23. Nxb3 Rxb3 24. Bf1 Bb5 25. e5 Bxd3 26. Re3 c4 27. Bxd3 Rxd3 28. Rxd3 cxd3 29. exd6 exd6 30. Kf1 Bc3 31. Be3 a5 32. Bb6 a4 33. Bc7 a3 0-1

[Event "Mittelfranken-ch QT"]
[Site "Nuremberg"]
[Date "2016.03.24"]
[Round "4"]
[White "Suess, Helmut"]
[Black "Faralisz, Patrick"]
[Result "1/2-1/2"]
[WhiteElo "1944"]
[BlackElo "1675"]
[PlyCount "39"]
[EventDate "2016.03.23"]
[EventType "swiss"]
[EventRounds "7"]
[EventCountry "GER"]
[SourceTitle "EXT 2018"]
[Source "ChessBase"]
[SourceDate "2017.10.13"]
[SourceVersion "1"]
[SourceVersionDate "2017.10.13"]
[SourceQuality "1"]

1. Nf3 d5 2. d4 Nf6 3. c4 c6 4. Nc3 a6 5. e3 Bf5 6. Nh4 Bg6 7. Nxg6 hxg6 8. Be2 e6 9. cxd5 cxd5 10. Bd2 Nc6 11. Rc1 Bd6 12. h3 0-0 13. Na4 Ne4 14. Nc5 Nxd2 15. Qxd2 b6 16. Nb7 Qd7 17. Nxd6 Qxd6 18. 0-0 Rfc8 19. a3 b5 20. b4 1/2-1/2

[Event "Mittelfranken-ch QT"]
[Site "Nuremberg"]
[Date "2016.03.23"]
[Round "1"]
[White "Meyer, Robert"]
[Black "Suess, Helmut"]
[Result "0-1"]
[WhiteElo "1611"]
[BlackElo "1944"]
[PlyCount "94"]
[EventDate "2016.03.23"]
[EventType "swiss"]
[EventRounds "7"]
[EventCountry "GER"]
[SourceTitle "EXT 2018"]
[Source "ChessBase"]
[SourceDate "2017.10.13"]
[SourceVersion "1"]
[SourceVersionDate "2017.10.13"]
[SourceQuality "1"]

1. d4 Nf6 2. g3 d5 3. Bg2 c6 4. Nf3 Bf5 5. 0-0 e6 6. Nbd2 Be7 7. Ne5 Nbd7 8. Ndf3 Nxe5 9. Nxe5 0-0 10. c3 Bd6 11. Nd3 h6 12. Bf4 Bxd3 13. Qxd3 Bxf4 14. gxf4 Nh5 15. Qf3 Qh4 16. e3 f5 17. Qh3 Qxh3 18. Bxh3 Kf7 19. f3 Ke7 20. Rf2 Rf6 21. Rg2 a5 22. Rc1 b5 23. b3 a4 24. b4 Rg8 25. Kh1 g5 26. Rcg1 Rfg6 27. fxg5 hxg5 28. Rf2 Rh6 29. Bf1 Kf6 30. Rgg2 f4 31. e4 dxe4 32. fxe4 Ke7 33. Kg1 Nf6 34. e5 Nd5 35. Rf3 g4 36. c4 bxc4 37. Bxc4 Ne3 38. Rxe3 fxe3 39. Be2 Rh4 40. Rg3 Rd8 41. b5 cxb5 42. Bxb5 Rxd4 43. Rxe3 Rd1+ 44. Kg2 Rd2+ 45. Re2 Rxe2+ 46. Bxe2 Rh3 47. Bf3 Kf7 0-1

[Event "Mittelfranken-ch QT"]
[Site "Nuremberg"]
[Date "2016.03.23"]
[Round "2"]
[White "Suess, Helmut"]
[Black "Diebel, Guenter"]
[Result "0-1"]
[WhiteElo "1944"]
[BlackElo "1819"]
[PlyCount "58"]
[EventDate "2016.03.23"]
[EventType "swiss"]
[EventRounds "7"]
[EventCountry "GER"]
[SourceTitle "EXT 2018"]
[Source "ChessBase"]
[SourceDate "2017.10.13"]
[SourceVersion "1"]
[SourceVersionDate "2017.10.13"]
[SourceQuality "1"]

1. d4 d5 2. c4 Nf6 3. cxd5 Nxd5 4. e4 Nf6 5. Nc3 b6 6. Bc4 Bb7 7. f3 e6 8. Nge2 Nc6 9. Be3 Qd7 10. 0-0 0-0-0 11. a3 h5 12. b4 h4 13. Qc2 Rh5 14. Nf4 Nxd4 15. Qf2 Rh7 16. Rfd1 e5 17. Nh3 Bd6 18. Ng5 Rh5 19. Qa2 h3 20. Bxf7 Rxg5 21. Bxg5 Kb8 22. Be3 hxg2 23. Bxd4 exd4 24. Be6 Qe8 25. Ne2 Qh5 26. Ng3 Bxg3 27. hxg3 Qxf3 28. Qxg2 Qe3+ 29. Kf1 Ba6+ 0-1

[Event "Mittelfranken-chTB2b 1516"]
[Site "Mittelfranken"]
[Date "2016.02.28"]
[Round "7.4"]
[White "Suess, Helmut"]
[Black "Dereser, Marc"]
[Result "1/2-1/2"]
[WhiteElo "1798"]
[BlackElo "1722"]
[PlyCount "40"]
[EventDate "2015.10.18"]
[EventType "team-tourn"]
[EventRounds "9"]
[EventCountry "GER"]
[SourceTitle "EXT 2020"]
[Source "ChessBase"]
[SourceDate "2019.10.17"]
[SourceVersion "1"]
[SourceVersionDate "2019.10.17"]
[SourceQuality "1"]
[WhiteTeam "Nuernberg NT IV"]
[BlackTeam "Nuernberg SK 1911 II"]
[WhiteTeamCountry "GER"]
[BlackTeamCountry "GER"]

1. d4 d5 2. c4 e6 3. Nc3 Nf6 4. Bg5 Be7 5. e3 h6 6. Bh4 0-0 7. Nf3 Nbd7 8. Bd3 dxc4 9. Bxc4 b6 10. 0-0 Bb7 11. Qe2 Ne4 12. Bxe7 Qxe7 13. Nxe4 Bxe4 14. Ba6 c5 15. Bb5 Nf6 16. dxc5 Qxc5 17. Nd2 Bb7 18. Rac1 Qg5 19. f4 Qg4 20. Nf3 Rac8 1/2-1/2

[Event "Mittelfranken-chTB2b 1516"]
[Site "Mittelfranken"]
[Date "2015.12.06"]
[Round "4.5"]
[White "Suess, Helmut"]
[Black "Weber, Alexander"]
[Result "1/2-1/2"]
[WhiteElo "1798"]
[BlackElo "1799"]
[PlyCount "68"]
[EventDate "2015.10.18"]
[EventType "team-tourn"]
[EventRounds "9"]
[EventCountry "GER"]
[SourceTitle "EXT 2020"]
[Source "ChessBase"]
[SourceDate "2019.10.17"]
[SourceVersion "1"]
[SourceVersionDate "2019.10.17"]
[SourceQuality "1"]
[WhiteTeam "Nuernberg NT IV"]
[BlackTeam "Erlangen SC III"]
[WhiteTeamCountry "GER"]
[BlackTeamCountry "GER"]

1. Nf3 Nf6 2. c4 g6 3. b4 Bg7 4. Bb2 0-0 5. g3 d5 6. cxd5 Nxd5 7. Bxg7 Kxg7 8. Qb3 Qd6 9. a3 a5 10. e4 Nb6 11. bxa5 N6d7 12. Qc3+ e5 13. Bg2 Nc6 14. 0-0 Rxa5 15. Re1 Nc5 16. Re3 Be6 17. Ng5 Bd7 18. d3 Qd4 19. Nf3 Qxc3 20. Nxc3 f6 21. Nd5 Ne6 22. Rb1 b6 23. Bh3 Rxa3 24. Nxc7 Nxc7 25. Bxd7 Nb8 26. Bh3 b5 27. d4 Rxe3 28. fxe3 exd4 29. Nxd4 Re8 30. Nxb5 Nxb5 31. Rxb5 Rd8 32. Rb7+ Kh6 33. Be6 Nc6 34. Bd5 Ne5 1/2-1/2

[Event "Mittelfranken-chTB2b 1516"]
[Site "Mittelfranken"]
[Date "2015.10.18"]
[Round "1.4"]
[White "Korth, Manfred"]
[Black "Suess, Helmut"]
[Result "0-1"]
[WhiteElo "1808"]
[BlackElo "1798"]
[PlyCount "68"]
[EventDate "2015.10.18"]
[EventType "team-tourn"]
[EventRounds "9"]
[EventCountry "GER"]
[SourceTitle "EXT 2020"]
[Source "ChessBase"]
[SourceDate "2019.10.17"]
[SourceVersion "1"]
[SourceVersionDate "2019.10.17"]
[SourceQuality "1"]
[WhiteTeam "Heideck/Hilpoltstein"]
[BlackTeam "Nuernberg NT IV"]
[WhiteTeamCountry "GER"]
[BlackTeamCountry "GER"]

1. Nf3 Nf6 2. d4 e6 3. Bf4 d5 4. e3 c5 5. c3 Nc6 6. Bd3 Qb6 7. Qb3 c4 8. Qxb6 axb6 9. Bc2 b5 10. Nbd2 b4 11. 0-0 Nh5 12. Bg5 h6 13. Bh4 g5 14. Bg3 Nxg3 15. hxg3 f5 16. Nh2 g4 17. f3 h5 18. Rfe1 Bd6 19. Nhf1 Kf7 20. e4 Ne7 21. e5 Bc7 22. cxb4 Nc6 23. b3 c3 24. Nb1 Nxd4 25. Ne3 Bxe5 26. Kf2 Bf6 27. Rd1 Be5 28. Rd3 h4 29. gxh4 g3+ 30. Ke1 Rxh4 31. Rxd4 Bxd4 32. Nd1 Rh1+ 33. Ke2 Bd7 34. Kd3 Rxd1+ 0-1

[Event "Pyramiden Franken Cup"]
[Site "Fuerth"]
[Date "2015.09.06"]
[Round "6"]
[White "Suess, Helmut"]
[Black "Cipra, Lothar"]
[Result "1/2-1/2"]
[WhiteElo "1959"]
[BlackElo "2016"]
[PlyCount "35"]
[EventDate "2015.09.03"]
[EventType "swiss"]
[EventRounds "7"]
[EventCountry "GER"]
[SourceTitle "EXT 2016"]
[Source "ChessBase"]
[SourceDate "2015.10.08"]
[SourceVersion "1"]
[SourceVersionDate "2015.10.08"]
[SourceQuality "1"]

1. d4 Nf6 2. c4 e6 3. Nc3 d5 4. cxd5 exd5 5. Bg5 Be7 6. e3 0-0 7. Bd3 h6 8. Bh4 Nbd7 9. Nf3 b6 10. 0-0 Bb7 11. Rc1 c5 12. Re1 Ne4 13. Bxe7 Qxe7 14. Nd2 Rac8 15. f3 Nxc3 16. Rxc3 cxd4 17. Rxc8 Rxc8 18. exd4 1/2-1/2